000 00360nam a2200157Ia 4500
100 _aMajumdar/ D/ Selvamurthy
650 _aGeneral
942 _cBK
654 _aAdvances
245 _aAdvances in Ergonomics Occupational Health and Safety
260 _bNew age
_c2000
082 _a620.82
_bMAJ
300 _a218
546 _aENGLISH
999 _c28274
_d28274